LEADER 01047nam a2200241 i 4500 001 000000046201 003 CaOOAMICUS 005 20090806000000.0 008 090806s1932 xx u000 u fre u 013 $a17371 040 $aSeMil$bita 100 1 $aHumbertclaude, Pierre.$0(OLS)http://semarc/name/22953 245 13$aLa doctrine ascètique de Saint Basile de Césarée /$cpar Pierre Humbertclaude. 260 $aParis :$bBeauchesne et fils,$c1932. 300 $aXIII, 341 p. ;$c24 cm. 490 0 $aÉtudes de théologie historique 600 04$aBasilio : di Cesarea .$0(OLS)http://semarc/subject/66 650 4$aAscetica.$0(OLS)http://semarc/subject/2446 830 0$aÉtudes de théologie historique.$0(OLS)http://semarc/title/28951 850 $aSeMil 852 $aSeMil$W1$xVenegono$y1$m2A IV 96$j12356$B12356$CSeMilBibl$Z2$F12356 $81 996 $6245$aLa doctrine ascètique de Saint Basile de Césarée$9(OLS)http://semarc/title/68979 996 $6260$aParis :$bBeauchesne et fils$9(OLS)http://semarc/publisher/29978 LEADER 01179nam a2200277 4500 001 000000357764 003 CaOOAMICUS 005 20240731122759.0 008 240327s2022 it a 000 u ita r 020 $a978-88-946170-9-2 040 $aSeMil$bita 245 00$aMaria Teresa Saglio :$buna vita con l'Africa. 264 1$a[Gravellona Toce] :$bCuamm,$c2022. 300 $a173 p. :$bill. ;$c21 cm 500 $aA piè del front.: Medici con l'Africa 541 0 $aOmaggio mons. Mario Delpini (3J II 477) 600 14$aSaglio, Maria Teresa <1926-2018>.$0(OLS)http://semarc/subject/55660 650 4$aAfrica - Assistenza sanitaria.$0(OLS)http://semarc/subject/55200 850 $aSeMil 852 $aSeMil$W1$xVenegono$y1$m3J II 477$j249914$B248933$CSeMilBibl$Z2$F248933 $81 941 1 $a7 961 $aOmaggio mons. Mario Delpini. ? Con dedica a mons. Mario Delpini 12 marzo 2024 996 $6020$a978-88-946170-9-2$9(OLS)http://semarc/number/300081 996 $6245$aMaria Teresa Saglio :$buna vita con l'Africa$9(OLS)http://semarc/title/448045 996 $6264$a[Gravellona Toce] :$bCuamm$9(OLS)http://semarc/publisher/61663